[Event "Mittelrhein Regionalliga 1314"]
[Site "Mittelrhein"]
[Date "2013.10.13"]
[Round "2.3"]
[White "Peters, Alex"]
[Black "Johannes, Alex"]
[Result "1/2-1/2"]
[WhiteElo "2145"]
[BlackElo "2114"]
[PlyCount "27"]
[EventDate "2013.09.15"]
[EventType "team-tourn"]
[EventRounds "11"]
[EventCountry "GER"]
[SourceTitle "EXT 2023"]
[Source "ChessBase"]
[SourceDate "2022.10.05"]
[SourceVersion "1"]
[SourceVersionDate "2022.10.05"]
[SourceQuality "1"]
[WhiteTeam "Bruehl"]
[BlackTeam "Gruenfeld"]
[WhiteTeamCountry "GER"]
[BlackTeamCountry "GER"]

1. b3 d5 2. Bb2 Nf6 3. e3 Bf5 4. f4 e6 5. Nf3 Be7 6. Be2 h6 7. 0-0 Nbd7 8. Ne5 Nxe5 9. Bxe5 Bd6 10. Bf3 c6 11. d4 Bxe5 12. fxe5 Ne4 13. Bxe4 Bxe4 14. Nd2 1/2-1/2

[Event "BEL-chT 9900"]
[Site "Antwerp"]
[Date "1999.10.??"]
[Round "1"]
[White "Johannes, Alex"]
[Black "Dutreeuw, Marc"]
[Result "1/2-1/2"]
[WhiteElo "2155"]
[BlackElo "2394"]
[PlyCount "114"]
[EventDate "1999.10.08"]
[EventType "team"]
[EventRounds "11"]
[EventCountry "BEL"]
[SourceTitle "CBM 073 Extra"]
[Source "ChessBase"]
[SourceDate "2000.01.11"]
[SourceVersion "1"]
[SourceVersionDate "2000.01.11"]
[SourceQuality "1"]

1. d4 d5 2. c4 e6 3. Nc3 Be7 4. Nf3 Nf6 5. cxd5 exd5 6. Bg5 c6 7. Qc2 Na6 8. e3 Nb4 9. Qd2 Bf5 10. Rc1 a5 11. Bxf6 Bxf6 12. a3 Na6 13. Na4 0-0 14. Be2 Re8 15. 0-0 Re7 16. h3 h6 17. Rfd1 Nc7 18. Ne1 Ne8 19. Nc5 Nd6 20. Nf3 g5 21. Nh2 Bg7 22. b3 Re8 23. Nf1 Bg6 24. Ng3 Qe7 25. Bf3 f5 26. a4 Qf7 27. Nd3 h5 28. h4 Ne4 29. Bxe4 fxe4 30. Ne1 gxh4 31. Ne2 Bf8 32. Nf4 Bd6 33. g3 Bf5 34. Neg2 Ba3 35. Rc2 Bb4 36. Qc1 h3 37. Nh4 Bg4 38. Rf1 Be7 39. Nhg6 Bf6 40. Kh2 Qd7 41. Qd2 Kh7 42. Rfc1 Rg8 43. Ne5 Qf5 44. Rc5 Bd8 45. Qe1 Bb6 46. R5c2 Bc7 47. Rc5 Bb6 48. R5c2 Rg7 49. Qd2 Bc7 50. Rc5 Bb6 51. R5c2 Rag8 52. Rg1 Bc7 53. Rc5 Qg5 54. Rc2 Bc8 55. Qe1 h4 56. Qd2 Qh6 57. Qe1 Qg5 1/2-1/2

[Event "BEL-chT 9697"]
[Site "Belgium"]
[Date "1997.??.??"]
[Round "11"]
[White "Bonne, Marck"]
[Black "Johannes, Alex"]
[Result "1/2-1/2"]
[WhiteElo "2250"]
[BlackElo "2025"]
[PlyCount "52"]
[EventDate "1996.??.??"]
[EventType "team"]
[EventRounds "11"]
[EventCountry "BEL"]
[SourceTitle "EXT 1998"]
[Source "ChessBase"]
[SourceDate "1997.11.17"]
[SourceVersion "1"]
[SourceVersionDate "1997.11.17"]
[SourceQuality "1"]

1. d4 d5 2. Nf3 c6 3. e3 Bf5 4. Bd3 e6 5. Bxf5 exf5 6. Qd3 g6 7. 0-0 Nf6 8. b3 Nbd7 9. c4 Be7 10. Ba3 Bxa3 11. Nxa3 Qe7 12. Nb1 0-0 13. Nc3 Nb6 14. Ne5 Rad8 15. c5 Nbd7 16. Nxd7 Rxd7 17. b4 Ne4 18. Rab1 a6 19. Rb2 Qh4 20. Rfb1 Re7 21. g3 Qh3 22. Nxe4 fxe4 23. Qf1 Qf5 24. Qg2 h5 25. a4 Kg7 26. h3 Re6 1/2-1/2

[Event "BEL-chT 9697"]
[Site "Belgium"]
[Date "1997.??.??"]
[Round "8"]
[White "Johannes, Alex"]
[Black "Goormachtigh, Johan"]
[Result "1-0"]
[WhiteElo "2025"]
[BlackElo "2290"]
[PlyCount "71"]
[EventDate "1996.??.??"]
[EventType "team"]
[EventRounds "11"]
[EventCountry "BEL"]
[SourceTitle "EXT 1998"]
[Source "ChessBase"]
[SourceDate "1997.11.17"]
[SourceVersion "1"]
[SourceVersionDate "1997.11.17"]
[SourceQuality "1"]

1. d4 Nf6 2. c4 g6 3. Nc3 d5 4. cxd5 Nxd5 5. Bd2 Bg7 6. e4 Nb6 7. Be3 Nc6 8. d5 Nb8 9. Qd2 c6 10. Bh6 0-0 11. h4 f6 12. h5 g5 13. Bxg7 Kxg7 14. h6+ Kh8 15. 0-0-0 cxd5 16. exd5 Bf5 17. f4 gxf4 18. Qxf4 Bg6 19. Nf3 Na6 20. Nh4 Qd6 21. Nxg6+ hxg6 22. Qg4 f5 23. Qd4+ Qf6 24. g4 Rac8 25. Kb1 fxg4 26. Qxg4 Qf5+ 27. Qxf5 gxf5 28. Re1 Rf7 29. Be2 Rc7 30. Bb5 Rf6 31. Be8 Rxc3 32. bxc3 Nxd5 33. h7 Nxc3+ 34. Kc2 Ne4 35. Reg1 Rf8 36. Bf7 1-0

[Event "BEL-chT 9798"]
[Site "Antwerp"]
[Date "1997.??.??"]
[Round "6"]
[White "Johannes, Alex"]
[Black "Timmermans, Ivo"]
[Result "1-0"]
[WhiteElo "2155"]
[BlackElo "2225"]
[PlyCount "61"]
[EventDate "1997.??.??"]
[EventType "team"]
[EventRounds "11"]
[EventCountry "BEL"]
[SourceTitle "EXT 1999"]
[Source "ChessBase"]
[SourceDate "1998.11.16"]
[SourceVersion "1"]
[SourceVersionDate "1998.11.16"]
[SourceQuality "1"]

1. d4 Nf6 2. c4 e6 3. Nc3 Bb4 4. e3 c5 5. Bd3 Nc6 6. Nge2 cxd4 7. exd4 d5 8. cxd5 Nxd5 9. 0-0 0-0 10. a3 Bd6 11. Ne4 Be7 12. Bc2 Re8 13. Qd3 e5 14. N4c3 g6 15. Nxd5 Qxd5 16. Bb3 Bf5 17. Qd1 Qd7 18. d5 Na5 19. Ba2 Rac8 20. Ng3 Bc2 21. Qf3 Bf8 22. Ne4 Bxe4 23. Qxe4 b6 24. f4 f5 25. Qe2 Bd6 26. b4 exf4 27. Qd3 Be5 28. Bxf4 Rc3 29. d6+ Re6 30. Qd5 Nb3 31. Bxe5 1-0

[Event "BEL-chT 9697"]
[Site "Belgium"]
[Date "1997.??.??"]
[Round "7"]
[White "Schneider, Bernd"]
[Black "Johannes, Alex"]
[Result "1-0"]
[WhiteElo "2415"]
[BlackElo "2025"]
[PlyCount "73"]
[EventDate "1996.??.??"]
[EventType "team"]
[EventRounds "11"]
[EventCountry "BEL"]
[SourceTitle "EXT 1998"]
[Source "ChessBase"]
[SourceDate "1997.11.17"]
[SourceVersion "1"]
[SourceVersionDate "1997.11.17"]
[SourceQuality "1"]

1. c4 c6 2. Nf3 d5 3. d4 Nf6 4. Nc3 e6 5. Bg5 dxc4 6. e4 b5 7. e5 h6 8. Bh4 g5 9. Nxg5 hxg5 10. Bxg5 Nbd7 11. g3 Qa5 12. exf6 b4 13. Ne4 Ba6 14. Be2 Qd5 15. Bf3 Qf5 16. h4 c3 17. bxc3 bxc3 18. Nxc3 Bb4 19. Rc1 Ne5 20. dxe5 Qxe5+ 21. Be2 Bxc3+ 22. Kf1 Rd8 23. Qc2 Bxe2+ 24. Qxe2 Qxg5 25. Rxc3 Qxf6 26. Rxc6 Qd4 27. Qb5 Ke7 28. Rc7+ Rd7 29. Rxd7+ Qxd7 30. Qc5+ Ke8 31. h5 f5 32. Rh4 Qd1+ 33. Kg2 Rxh5 34. Rxh5 Qxh5 35. Qxa7 Qe2 36. a4 Qe4+ 37. Kh2 1-0

[Event "BEL-ch Class A"]
[Site "Geel"]
[Date "1996.07.??"]
[Round "3"]
[White "Johannes, Alex"]
[Black "Croonenborghs, Tom"]
[Result "1/2-1/2"]
[WhiteElo "2025"]
[BlackElo "2140"]
[PlyCount "70"]
[EventDate "1996.07.06"]
[EventType "tourn"]
[EventRounds "9"]
[EventCountry "BEL"]
[SourceTitle "EXT 2021"]
[Source "ChessBase"]
[SourceDate "2020.10.23"]
[SourceVersion "1"]
[SourceVersionDate "2020.10.23"]
[SourceQuality "1"]

1. d4 Nf6 2. c4 c5 3. d5 b5 4. Nf3 e6 5. Bg5 h6 6. Bxf6 Qxf6 7. Qc2 g5 8. h3 Bg7 9. Nc3 b4 10. Nb5 Qxb2 11. Qxb2 Bxb2 12. Rb1 Bc3+ 13. Nxc3 bxc3 14. e4 0-0 15. Bd3 exd5 16. exd5 Re8+ 17. Kd1 Na6 18. a3 d6 19. Kc2 Bd7 20. Rb7 Bc8 21. Rb3 Bd7 22. Kxc3 Rab8 23. Nd2 f5 24. h4 g4 25. Rxb8 Rxb8 26. Re1 Kf7 27. g3 Kf6 28. Nf1 Nc7 29. Ne3 Ne8 30. Ng2 Ng7 31. Nf4 Ba4 32. Bc2 Bd7 33. Rf1 Rb6 34. Re1 Ra6 35. Ra1 Rb6 1/2-1/2